Loading...
| History - World | 0 | 4 | 0 | 2 | 40 | 69 | 116.25 | 0 | 1 | 5.04 | 14.83 |
| History - American | 0 | 1 | 0 | 0 | 10 | 57 | 57.00 | 0 | 1 | 4.86 | 9.00 |
| Literature - British | 0 | 1 | 0 | 0 | 10 | 52 | 52.00 | 0 | 1 | 6.56 | 8.33 |
| Literature - European | 0 | 1 | 0 | 0 | 10 | 136 | 136.00 | 0 | 0 | 0.35 | 2.00 |
| Literature - World | 0 | 1 | 0 | 0 | 10 | 88 | 88.00 | 0 | 1 | 3.89 | 9.00 |
| Science - Biology | 0 | 1 | 0 | 0 | 10 | 85 | 85.00 | 0 | 0 | 2.27 | 5.00 |
| Religion | 0 | 2 | 2 | 1 | 10 | 95 | 107.50 | 1 | 1 | 1.68 | 10.78 |
| Current Events | 0 | 1 | 0 | 0 | 10 | 64 | 64.00 | 0 | 1 | 16.80 | 30.56 |
| Popular Culture | 0 | 0 | 1 | 0 | -5 | 0.00 | 0 | 0 | 0.00 | 0.00 | |
| Other Academic | 0 | 0 | 1 | 0 | -5 | 0.00 | 0 | 0 | 0.00 | 0.00 | |
| Philosophy | 0 | 0 | 1 | 0 | -5 | 0.00 | 0 | 0 | 0.00 | 0.00 |